000 00257nam a2200109Ia 4500
008 190216s9999||||xx |||||||||||||| ||und||
100 _aJohn G Blocker&Amp; Keith Weltmer W
245 0 _aCost Accounting
260 _bNull
_c1978
300 _a623p
942 _cBK
999 _c4454
_d4454